Použitie hĺbkového rozhovoru pri výskume pôsobenia reklamy na deti

Pôsobenie reklamy na deti a mládež ako špecifickej cieľovej skupiny. Prístup ku skúmaniu detí a mládeže v jednotlivých vývinových obdobiach. Použitie metódy hĺbkového rozhovoru (psychologická explorácia - in-depth interview). Výber detí. Základná charakteristika hĺbkového rozhovoru. Priebeh rozhovor...

Ausführliche Beschreibung

Gespeichert in:
Bibliographische Detailangaben
1. Verfasser: Hradiská, Elena
Format: Buchkapitel
Sprache:Slowakisch
Schlagworte:
Tags: Tag hinzufügen
Keine Tags, Fügen Sie das erste Tag hinzu!

MARC

LEADER 00000naa a2200000 4500
001 r044837
005 20230921120734.3
041 0 |a slo 
044 |a CZ 
245 1 0 |a Použitie hĺbkového rozhovoru pri výskume pôsobenia reklamy na deti  |c Elena Hradiská 
520 |a Pôsobenie reklamy na deti a mládež ako špecifickej cieľovej skupiny. Prístup ku skúmaniu detí a mládeže v jednotlivých vývinových obdobiach. Použitie metódy hĺbkového rozhovoru (psychologická explorácia - in-depth interview). Výber detí. Základná charakteristika hĺbkového rozhovoru. Priebeh rozhovoru, forma záznamu, obsah a vyhodnotenie rozhovoru. 
610 2 0 |a reklama 
610 2 0 |a adresnosť reklamy 
610 2 0 |a psychológia 
610 2 0 |a deti 
610 2 0 |a mládež 
610 2 0 |a výskum psychologický 
610 2 0 |a rozhovor 
100 1 |a Hradiská, Elena